[Event "NAYCC U16"]
[Site "Windsor CAN"]
[Date "2016.08.08"]
[Round "3.35"]
[White "Yen, Michael"]
[Black "Sinha, Sahil"]
[Result "1/2-1/2"]
[WhiteElo "1969"]
[BlackElo "2140"]
[PlyCount "102"]
[EventDate "2016.08.07"]
[EventType "swiss"]
[EventRounds "9"]
[EventCountry "CAN"]

1. d4 Nf6 2. c4 e6 3. Nf3 b6 4. g3 Bb7 5. Bg2 Be7 6. O-O O-O 7. Nc3 Ne4 8. Qc2
Nxc3 9. Qxc3 c5 10. Rd1 d6 11. b3 Bf6 12. Bb2 Qe7 13. Qc2 Nc6 14. e4 e5 15. d5
Nd4 16. Nxd4 exd4 17. Rd2 g6 18. Re1 Bg7 19. Rde2 Rae8 20. Bh3 Qc7 21. Bc1 Bc8
22. Bxc8 Qxc8 23. Bf4 Qc7 24. Qd2 Re7 25. h4 Rfe8 26. Kg2 Qd7 27. f3 a6 28. h5
Be5 29. Rh1 f5 30. hxg6 hxg6 31. Rh6 Rg7 32. Re1 fxe4 33. Rxe4 Qf5 34. Bxe5
Rxe5 35. Rf4 Qg5 36. Rhh4 Rge7 37. Kh3 Rf5 38. Qc2 Kg7 39. Rhg4 Qh5+ 40. Rh4
Qg5 41. Rhg4 Qh6+ 42. Rh4 Rh5 43. Re4 Rxe4 44. Qxe4 Rxh4+ 45. gxh4 Qe3 46. Qxe3
dxe3 47. Kg2 Kf6 48. Kf1 Ke5 49. Ke1 Kf5 50. Kf1 Ke5 51. Ke1 Kf5 1/2-1/2

[Event "NAYCC U16"]
[Site "Windsor CAN"]
[Date "2016.08.08"]
[Round "3.36"]
[White "Ramasamy, Vikram"]
[Black "Chasin, Nico"]
[Result "1-0"]
[WhiteElo "2046"]
[BlackElo "1752"]
[PlyCount "64"]
[EventDate "2016.08.07"]
[EventType "swiss"]
[EventRounds "9"]
[EventCountry "CAN"]

1. e4 e6 2. d4 d5 3. Nd2 c5 4. Ngf3 Nf6 5. e5 Nfd7 6. c3 Nc6 7. Bd3 Qb6 8. O-O
cxd4 9. cxd4 Nxd4 10. Nxd4 Qxd4 11. Nf3 Qb6 12. Be3 Bc5 13. Bxc5 Nxc5 14. Bc2
h6 15. Qd4 Bd7 16. a4 a5 17. Qg4 O-O 18. Nd4 Rac8 19. Ra3 Qd8 20. f4 f5 21. Qh3
Qb6 22. Qe3 Qb4 23. g4 fxg4 24. f5 exf5 25. e6 f4 26. Qe5 Rce8 27. Nf5 Nxe6 28.
Rc3 Qb6+ 29. Kh1 d4 30. Bb3 Rxf5 31. Qxf5 dxc3 32. Bxe6+ Bxe6 1-0

[Event "NAYCC U16"]
[Site "Windsor CAN"]
[Date "2016.08.08"]
[Round "3.37"]
[White "Handigol, Abhishek"]
[Black "Wang, Warren"]
[Result "0-1"]
[WhiteElo "1905"]
[BlackElo "2025"]
[PlyCount "84"]
[EventDate "2016.08.07"]
[EventType "swiss"]
[EventRounds "9"]
[EventCountry "CAN"]

1. e4 d6 2. d4 Nf6 3. Nc3 g6 4. Bg5 Bg7 5. Qd2 h6 6. Bh4 g5 7. Bg3 Nh5 8. Nge2
Nc6 9. d5 Ne5 10. Nd4 Bd7 11. Be2 Nxg3 12. hxg3 c5 13. Nf5 Bxf5 14. exf5 Nd7
15. f4 gxf4 16. gxf4 Qa5 17. Nd1 Qa4 18. c3 Qe4 19. Nf2 Qxf5 20. g4 Qf6 21. Ne4
Qg6 22. f5 Qh7 23. O-O-O O-O-O 24. Bd3 Qg8 25. Qe2 Be5 26. Rdf1 Qg7 27. Rhg1
Rdg8 28. Kb1 Bf6 29. Qf2 Nb6 30. Nxf6 Qxf6 31. Qf3 Nd7 32. Bb5 Ne5 33. Qe4 Rg5
34. b4 cxb4 35. cxb4 Kb8 36. Rc1 Rgg8 37. Rg2 Qh4 38. Re1 h5 39. g5 Qxe4+ 40.
Rxe4 h4 41. Rh2 Nf3 42. Rh1 Nd2+ 0-1

[Event "NAYCC U16"]
[Site "Windsor CAN"]
[Date "2016.08.08"]
[Round "3.38"]
[White "Asaria, Danial"]
[Black "Kobla, Vishal"]
[Result "1/2-1/2"]
[WhiteElo "2038"]
[BlackElo "1941"]
[PlyCount "63"]
[EventDate "2016.08.07"]
[EventType "swiss"]
[EventRounds "9"]
[EventCountry "CAN"]

1. e4 c5 2. b4 cxb4 3. a3 Nc6 4. axb4 Nxb4 5. c3 Nc6 6. d4 d5 7. exd5 Qxd5 8.
Na3 Bf5 9. Nf3 e5 10. Bc4 Qe4+ 11. Be3 Bxa3 12. Rxa3 exd4 13. Bxf7+ Kf8 14.
cxd4 Qe7 15. Qb3 Qxf7 16. d5 Nce7 17. Bc5 Rd8 18. O-O Qxd5 19. Qb4 b6 20. Bd4
Qd6 21. Qb2 Nf6 22. Be5 Qe6 23. Ng5 Qc6 24. g4 Bxg4 25. Rc1 Qxc1+ 26. Qxc1 Rd1+
27. Qxd1 Bxd1 28. Rxa7 Ne8 29. Ne6+ Kf7 30. Nd8+ Kf8 31. Ne6+ Kf7 32. Nd8+
1/2-1/2

[Event "NAYCC U16"]
[Site "Windsor CAN"]
[Date "2016.08.08"]
[Round "3.40"]
[White "Zhu, Brandon"]
[Black "Nguyen, Tan"]
[Result "0-1"]
[WhiteElo "1861"]
[BlackElo "1972"]
[PlyCount "82"]
[EventDate "2016.08.07"]
[EventType "swiss"]
[EventRounds "9"]
[EventCountry "CAN"]

1. e4 g6 2. d4 Bg7 3. Nf3 d6 4. Bc4 a6 5. c3 e6 6. Bg5 Ne7 7. Nbd2 b5 8. Bd3
Bb7 9. a4 c6 10. O-O Nd7 11. c4 b4 12. a5 c5 13. Nb3 h6 14. Bf4 e5 15. dxe5
dxe5 16. Be3 Qc7 17. Qe2 f5 18. Nh4 f4 19. Bd2 O-O-O 20. g3 g5 21. Nf5 Nxf5 22.
exf5 Nf6 23. f3 fxg3 24. hxg3 e4 25. Bxe4 Nxe4 26. fxe4 Qxg3+ 27. Qg2 Qxg2+ 28.
Kxg2 Bxe4+ 29. Kg1 Bc2 30. Be3 Bxb3 31. Bxc5 Bd4+ 32. Bxd4 Rxd4 33. f6 Rf8 34.
Rac1 Rf4 35. Rxf4 gxf4 36. Kg2 Rxf6 37. Kf3 Kc7 38. Ke4 f3 39. Ke5 Rf7 40. Ke6
f2 41. Kxf7 f1=Q+ 0-1

[Event "NAYCC U16"]
[Site "Windsor CAN"]
[Date "2016.08.08"]
[Round "3.41"]
[White "Zhao, Harry"]
[Black "Miyasaka, Matthew"]
[Result "0-1"]
[WhiteElo "1809"]
[BlackElo "1971"]
[PlyCount "94"]
[EventDate "2016.08.07"]
[EventType "swiss"]
[EventRounds "9"]
[EventCountry "CAN"]

1. d4 d5 2. Nf3 Nf6 3. e3 e6 4. Bd3 c5 5. b3 Nc6 6. a3 Qa5+ 7. Bd2 Qc7 8. Bc3
cxd4 9. exd4 Bd6 10. Qe2 O-O 11. O-O Re8 12. Ne5 Qb6 13. Rd1 Kf8 14. Nf3 e5 15.
dxe5 Bg4 16. h3 Bxe5 17. Qd2 Bxf3 18. gxf3 Nd4 19. Bxd4 Qxd4 20. Ra2 Bd6 21.
Bf1 Qe5 22. f4 Qf5 23. Bg2 Bxf4 24. Qb4+ Kg8 25. c4 dxc4 26. bxc4 a5 27. Qb3
Ne4 28. Nc3 Bh2+ 29. Kh1 Nxf2+ 30. Rxf2 Qxf2 31. Kxh2 Re3 32. Qxb7 Qg3+ 33. Kh1
Rb8 34. Qd5 Re1+ 35. Rxe1 Qxe1+ 36. Kh2 Qxc3 37. c5 Re8 38. Qd7 Qe5+ 39. Kh1
Rb8 40. Bd5 Rb1+ 41. Kg2 Rb2+ 42. Kf3 Qc3+ 43. Ke4 Re2+ 44. Kf4 Qd4+ 45. Kg3
Re3+ 46. Kh2 Qd2+ 47. Bg2 Qxd7 0-1

[Event "NAYCC U16"]
[Site "Windsor CAN"]
[Date "2016.08.08"]
[Round "3.42"]
[White "Habib, Adnan"]
[Black "Maruvada, Shaunak"]
[Result "1-0"]
[WhiteElo "1691"]
[BlackElo "1966"]
[PlyCount "99"]
[EventDate "2016.08.07"]
[EventType "swiss"]
[EventRounds "9"]
[EventCountry "CAN"]

1. d4 d5 2. Nf3 Nf6 3. Bf4 c5 4. e3 Nc6 5. c3 Qb6 6. b3 Bf5 7. Bd3 Bxd3 8. Qxd3
e6 9. Nbd2 cxd4 10. exd4 Be7 11. h3 O-O 12. O-O Rac8 13. Rae1 Rfd8 14. Re3 h6
15. Ne5 Nxe5 16. dxe5 Nh5 17. Bh2 d4 18. cxd4 Rxd4 19. Qe2 Nf4 20. Bxf4 Rxf4
21. Re4 Rxe4 22. Qxe4 Qa6 23. Nf3 Rc7 24. a4 Qb6 25. Qd3 a6 26. Nd2 Qb4 27. Ne4
Qb6 28. Rd1 Qc6 29. f3 g6 30. Kh2 Kg7 31. Qd4 Bc5 32. Qd2 Qb6 33. Qf4 Be7 34.
Rd3 g5 35. Qd2 Bb4 36. Qb2 Qa5 37. g3 Ba3 38. Qe2 Qxe5 39. f4 gxf4 40. gxf4
Qxf4+ 41. Rg3+ Kh7 42. Qd3 Qxg3+ 43. Qxg3 Rc8 44. Nf6+ Kh8 45. Qe5 Rc2+ 46. Kg3
Bb2 47. Qb8+ Kg7 48. Nh5+ Kg6 49. Qg8+ Kf5 50. Qh7+ 1-0

[Event "NAYCC U16"]
[Site "Windsor CAN"]
[Date "2016.08.08"]
[Round "3.44"]
[White "Fan, Run Kun"]
[Black "Pan, Christopher"]
[Result "0-1"]
[WhiteElo "1890"]
[BlackElo "1975"]
[PlyCount "100"]
[EventDate "2016.08.07"]
[EventType "swiss"]
[EventRounds "9"]
[EventCountry "CAN"]

1. c4 Nf6 2. Nf3 g6 3. g3 Bg7 4. Bg2 O-O 5. O-O d5 6. b3 c6 7. Bb2 Bg4 8. d3
Bxf3 9. Bxf3 e6 10. e3 Nbd7 11. Nc3 Re8 12. Bg2 Qc7 13. Rc1 Nb6 14. Qe2 Rad8
15. Rfd1 Qe7 16. d4 Nbd7 17. a3 a6 18. Re1 dxc4 19. bxc4 e5 20. f3 exd4 21.
exd4 Qd6 22. Qd2 Nc5 23. Rxe8+ Nxe8 24. Ne4 Nxe4 25. fxe4 Bxd4+ 26. Bxd4 Qxd4+
27. Qxd4 Rxd4 28. Rb1 Nd6 29. c5 Nb5 30. Kf2 Rd2+ 31. Kf3 Rd3+ 32. Kf4 Rxa3 33.
Rd1 Nc7 34. Bh3 Rc3 35. Rd7 Nb5 36. Rxb7 Rxc5 37. Bd7 a5 38. Bxc6 Rxc6 39. Rxb5
Ra6 40. Rb3 a4 41. Ra3 f6 42. e5 f5 43. g4 fxg4 44. Kxg4 Kf7 45. Kf4 Ke6 46.
Ke4 Ra5 47. Kd4 Rd5+ 48. Kc3 Ra5 49. Kd4 g5 50. h3 h5 0-1

[Event "NAYCC U16"]
[Site "Windsor CAN"]
[Date "2016.08.08"]
[Round "3.45"]
[White "Thomson, Aaron"]
[Black "Saha, Ananda"]
[Result "0-1"]
[WhiteElo "1659"]
[BlackElo "1920"]
[PlyCount "84"]
[EventDate "2016.08.07"]
[EventType "swiss"]
[EventRounds "9"]
[EventCountry "CAN"]

1. e4 c5 2. Nf3 e6 3. c3 d5 4. exd5 Qxd5 5. d4 Nc6 6. Be2 Nf6 7. O-O Be7 8. Be3
cxd4 9. cxd4 O-O 10. Nc3 Qd6 11. a3 Rd8 12. b4 b6 13. Qb3 Bb7 14. Nb5 Qb8 15.
Rfd1 Nd5 16. Rac1 Bf6 17. Nc3 Nxc3 18. Rxc3 Ne7 19. Rdc1 Nd5 20. R3c2 Qd6 21.
Bg5 Bxg5 22. Nxg5 Nf4 23. Bf3 Bd5 24. Qe3 Bxf3 25. Nxf3 Nd5 26. Qe4 h6 27. Rc6
Qf8 28. g3 a5 29. bxa5 Rxa5 30. Ne5 Rxa3 31. Nc4 Ra4 32. Nd6 Ra7 33. Nc8 Rad7
34. f4 Nf6 35. Qe5 Rxd4 36. Nxb6 Rd1+ 37. Rxd1 Rxd1+ 38. Kg2 Rd2+ 39. Kg1 Qb4
40. Qa1 Qe4 41. Rc8+ Kh7 42. Qf1 Qd4+ 0-1

[Event "NAYCC U16"]
[Site "Windsor CAN"]
[Date "2016.08.08"]
[Round "3.46"]
[White "Shamroni, Dennis"]
[Black "Polavaram, Rithik"]
[Result "0-1"]
[WhiteElo "1917"]
[BlackElo "1899"]
[PlyCount "100"]
[EventDate "2016.08.07"]
[EventType "swiss"]
[EventRounds "9"]
[EventCountry "CAN"]

1. e4 e5 2. Nf3 Nc6 3. Bb5 a6 4. Ba4 Nf6 5. O-O Be7 6. Re1 b5 7. Bb3 d6 8. c3
O-O 9. d3 Bg4 10. h3 Bh5 11. Nbd2 Na5 12. Bc2 c5 13. Nf1 Ne8 14. Ng3 Bg6 15.
Be3 Bf6 16. Qe2 Nc7 17. Rad1 Ne6 18. Bb1 Nc6 19. Nf1 Qe7 20. N1h2 h5 21. Nf1
Rad8 22. Ng3 d5 23. exd5 Rxd5 24. Ne4 Rfd8 25. a3 Bxe4 26. dxe4 Rxd1 27. Rxd1
c4 28. Bc2 Rxd1+ 29. Qxd1 Nc7 30. Qe2 Qd6 31. a4 Kf8 32. Nd2 g6 33. Kh2 Kg7 34.
b3 cxb3 35. Bxb3 Na5 36. axb5 Nxb3 37. Nxb3 axb5 38. Bc5 Qe6 39. Qc2 Qc4 40.
Bb4 Na6 41. Qb1 Nxb4 42. cxb4 Qxb4 43. Qd3 Qc4 44. Qxc4 bxc4 45. Nc1 Kf8 46.
Kg3 c3 47. f4 c2 48. Kf3 exf4 49. Ke2 f3+ 50. gxf3 Bg5 0-1

[Event "NAYCC U16"]
[Site "Windsor CAN"]
[Date "2016.08.08"]
[Round "3.47"]
[White "Konovalenko, Nicholas"]
[Black "Zhang, Jeff"]
[Result "0-1"]
[WhiteElo "1555"]
[BlackElo "1907"]
[PlyCount "26"]
[EventDate "2016.08.07"]
[EventType "swiss"]
[EventRounds "9"]
[EventCountry "CAN"]

1. d4 Nf6 2. c4 g6 3. Nc3 Bg7 4. e4 d6 5. Nf3 O-O 6. Bd3 e5 7. d5 Nbd7 8. O-O
Nh5 9. Ng5 h6 10. Nh3 Qh4 11. f4 exf4 12. Nxf4 Bd4+ 13. Kh1 Ng3# 0-1

[Event "NAYCC U16"]
[Site "Windsor CAN"]
[Date "2016.08.08"]
[Round "3.48"]
[White "Perkins, Josiah"]
[Black "Lee, Stefano"]
[Result "1-0"]
[WhiteElo "1759"]
[BlackElo "1592"]
[PlyCount "67"]
[EventDate "2016.08.07"]
[EventType "swiss"]
[EventRounds "9"]
[EventCountry "CAN"]

1. e4 c6 2. d4 d5 3. e5 Bf5 4. Nf3 e6 5. c4 Nd7 6. Nc3 Be7 7. Bf4 Bg6 8. c5 a5
9. a3 b6 10. b4 Qc7 11. Be2 Nh6 12. Bxh6 gxh6 13. O-O b5 14. Qd2 h5 15. Ng5 h6
16. Nh3 a4 17. Bd3 Rg8 18. Bxg6 Rxg6 19. Qe2 h4 20. f4 O-O-O 21. f5 exf5 22.
Rxf5 f6 23. Nf4 Rdg8 24. Nxg6 Rxg6 25. Qh5 Nf8 26. Rb1 h3 27. Qxh3 Qd7 28. Qf3
Nh7 29. Qh5 Qe8 30. Kh1 Qg8 31. Re1 Rxg2 32. exf6 Rc2 33. Qh3 Bd8 34. Rg5+ 1-0

[Event "NAYCC U16"]
[Site "Windsor CAN"]
[Date "2016.08.08"]
[Round "3.49"]
[White "Zheng, Maven"]
[Black "Hua, Andrew"]
[Result "1-0"]
[WhiteElo "1746"]
[BlackElo "1306"]
[PlyCount "69"]
[EventDate "2016.08.07"]
[EventType "swiss"]
[EventRounds "9"]
[EventCountry "CAN"]

1. d4 Nf6 2. c4 g6 3. Nc3 Bg7 4. e4 d6 5. f3 Nbd7 6. Be3 c6 7. Qd2 O-O 8. Nh3
Qc7 9. Be2 c5 10. d5 Nb6 11. Nf2 Kh8 12. a3 Nbd7 13. O-O Ne5 14. Rac1 Bd7 15.
b4 cxb4 16. Nb5 Bxb5 17. cxb5 Qd7 18. Qxb4 b6 19. h3 Qb7 20. f4 Ned7 21. Rfd1
Rac8 22. Nd3 Rfe8 23. Bf3 Nc5 24. Nxc5 bxc5 25. Qc4 Nd7 26. Bd2 Bd4+ 27. Kh1
Nb6 28. Qd3 Na4 29. Qb3 Nb2 30. Rf1 Rb8 31. Be2 Qa6 32. Bc3 Qa4 33. Qxb2 Bxc3
34. Rxc3 Qxe4 35. Rc4+ 1-0

[Event "NAYCC U16"]
[Site "Windsor CAN"]
[Date "2016.08.09"]
[Round "4.29"]
[White "Sowa, Ryan"]
[Black "Li, Zhaozhi"]
[Result "0-1"]
[WhiteElo "1948"]
[BlackElo "2305"]
[PlyCount "72"]
[EventDate "2016.08.07"]
[EventType "swiss"]
[EventRounds "9"]
[EventCountry "CAN"]

1. c4 c5 2. g3 Nc6 3. Nc3 g6 4. Bg2 Bg7 5. a3 e6 6. Rb1 Nge7 7. e4 a6 8. b4 Ne5
9. bxc5 Nd3+ 10. Ke2 Nxc1+ 11. Rxc1 Nc6 12. Nf3 Nd4+ 13. Nxd4 Bxd4 14. Na4 O-O
15. Nb6 Rb8 16. Nxc8 Qxc8 17. Qb3 Qxc5 18. f4 Rfc8 19. Qd3 Bb2 20. Rc2 Bxa3 21.
Rb1 b5 22. Qe3 Qe7 23. Qa7 Bc5 24. Qxa6 b4 25. e5 f6 26. exf6 Qxf6 27. Rcc1 Qd4
28. Rf1 Rc7 29. Qa2 b3 30. Qb2 Qxc4+ 31. d3 Qd4 32. Qxd4 Bxd4 33. Rfc1 Rxc1 34.
Rxc1 b2 35. Rb1 Rc8 36. Kd2 Rc1 0-1

[Event "NAYCC U16"]
[Site "Windsor CAN"]
[Date "2016.08.09"]
[Round "4.30"]
[White "Lu, Albert"]
[Black "Bellissimo, Joseph"]
[Result "0-1"]
[WhiteElo "2235"]
[BlackElo "2142"]
[PlyCount "136"]
[EventDate "2016.08.07"]
[EventType "swiss"]
[EventRounds "9"]
[EventCountry "CAN"]

1. d4 Nf6 2. Bf4 e6 3. e3 c5 4. c3 Nc6 5. Nf3 d5 6. Bd3 Bd6 7. Bg3 O-O 8. Nbd2
b6 9. Ne5 Bb7 10. O-O Ne7 11. Qf3 Qc7 12. Ng4 Nxg4 13. Qxg4 Bxg3 14. hxg3 f5
15. Qf4 Qd8 16. Qh4 Qe8 17. Nf3 Ng6 18. Qh3 Bc8 19. Rad1 e5 20. dxe5 Nxe5 21.
Nxe5 Qxe5 22. Be2 Be6 23. Qh4 Rad8 24. Bf3 Rd7 25. Rd2 Rfd8 26. Rfd1 h6 27. a3
Kh7 28. Qf4 Qxf4 29. gxf4 a5 30. b4 axb4 31. axb4 Kg6 32. g3 Kf6 33. Rd3 g5 34.
fxg5+ hxg5 35. Bg2 g4 36. f4 gxf3 37. Bxf3 Ke5 38. Kf2 Ra8 39. R3d2 Ra3 40. Rc1
Rb3 41. Bd1 Ra3 42. Bf3 cxb4 43. cxb4 Rb3 44. Rd4 Rb2+ 45. Be2 Rh7 46. Re1 Rh2+
47. Kf1 f4 48. gxf4+ Kd6 49. e4 Bh3+ 50. Kg1 Rg2+ 51. Kh1 Rgxe2 52. Rxd5+ Kc6
53. b5+ Kc7 54. Rxe2 Rxe2 55. Re5 Bg2+ 56. Kg1 Bf3 57. Re7+ Kd6 58. Rb7 Kc5 59.
Rc7+ Kxb5 60. e5 Bg4 61. Rg7 Bf5 62. Rf7 Bd3 63. Rf6 Bc4 64. Rf8 Kb4 65. Re8
Kc3 66. f5 b5 67. f6 b4 68. e6 Rxe6 0-1

[Event "NAYCC U16"]
[Site "Windsor CAN"]
[Date "2016.08.09"]
[Round "4.31"]
[White "Song, Sam"]
[Black "Chen, Richard"]
[Result "1/2-1/2"]
[WhiteElo "2147"]
[BlackElo "2155"]
[PlyCount "41"]
[EventDate "2016.08.07"]
[EventType "swiss"]
[EventRounds "9"]
[EventCountry "CAN"]

1. Nf3 Nf6 2. d4 e6 3. Bf4 b6 4. e3 Bb7 5. c3 d6 6. h3 Nbd7 7. Nbd2 Qe7 8. Qa4
g6 9. Bd3 Bg7 10. e4 O-O 11. O-O e5 12. Bh2 a6 13. Qc2 a5 14. Rfe1 Ba6 15. Bxa6
Rxa6 16. a4 Raa8 17. Rad1 Rfe8 18. dxe5 dxe5 19. Nc4 Qc5 20. b3 h6 21. Rd2
1/2-1/2

[Event "NAYCC U16"]
[Site "Windsor CAN"]
[Date "2016.08.09"]
[Round "4.32"]
[White "Sinha, Sahil"]
[Black "Chasin, Nico"]
[Result "1-0"]
[WhiteElo "2140"]
[BlackElo "1752"]
[PlyCount "69"]
[EventDate "2016.08.07"]
[EventType "swiss"]
[EventRounds "9"]
[EventCountry "CAN"]

1. d4 Nf6 2. c4 g6 3. Nc3 d5 4. cxd5 Nxd5 5. Bd2 Bg7 6. e4 Nxc3 7. Bxc3 Nd7 8.
Nf3 c5 9. d5 Bxc3+ 10. bxc3 Qc7 11. Qd2 Ne5 12. Nxe5 Qxe5 13. Bd3 O-O 14. f4
Qd6 15. c4 e5 16. O-O f5 17. Qc3 Re8 18. Rae1 Bd7 19. fxe5 Qxe5 20. Qxe5 Rxe5
21. exf5 Rxe1 22. Rxe1 gxf5 23. Re7 Rd8 24. Kf2 a6 25. Kf3 b5 26. Kf4 b4 27.
Ke5 Kf8 28. Rxh7 Kg8 29. Re7 Kf8 30. d6 Be8 31. Bxf5 a5 32. Kd5 a4 33. Kxc5 Rb8
34. Re2 a3 35. Bc2 1-0

[Event "NAYCC U16"]
[Site "Windsor CAN"]
[Date "2016.08.09"]
[Round "4.33"]
[White "Wang, Warren"]
[Black "Yen, Michael"]
[Result "0-1"]
[WhiteElo "2025"]
[BlackElo "1969"]
[PlyCount "80"]
[EventDate "2016.08.07"]
[EventType "swiss"]
[EventRounds "9"]
[EventCountry "CAN"]

1. d4 Nf6 2. c4 e6 3. g3 d5 4. Bg2 Be7 5. Nf3 O-O 6. O-O Nbd7 7. Qc2 b6 8. Nc3
Bb7 9. cxd5 exd5 10. Bf4 a6 11. Rfd1 Re8 12. Rac1 Rc8 13. Ne5 Nf8 14. Qb3 Ne6
15. e4 dxe4 16. Bh3 Nxf4 17. gxf4 Rf8 18. Bxc8 Qxc8 19. d5 Qf5 20. Ne2 Bd6 21.
Qg3 Re8 22. Nd4 Qh5 23. Ndc6 h6 24. h4 Bxc6 25. dxc6 Bxe5 26. fxe5 Rxe5 27.
Rd8+ Kh7 28. Rcd1 Rf5 29. Qxc7 Qxh4 30. Qh2 Rg5+ 31. Kh1 Qg4 32. Rg1 Qf3+ 33.
Rg2 Rh5 34. Qxh5 Qxh5+ 35. Kg1 Qc5 36. Rc8 Nd5 37. Rg4 f5 38. Rg3 f4 39. Rg2 e3
40. b4 Qc1+ 0-1

[Event "NAYCC U16"]
[Site "Windsor CAN"]
[Date "2016.08.09"]
[Round "4.34"]
[White "Xu, Jeffrey"]
[Black "Habib, Adnan"]
[Result "0-1"]
[WhiteElo "2004"]
[BlackElo "1691"]
[PlyCount "94"]
[EventDate "2016.08.07"]
[EventType "swiss"]
[EventRounds "9"]
[EventCountry "CAN"]

1. e3 Nf6 2. Nf3 g6 3. b3 Bg7 4. Bb2 d6 5. Be2 e5 6. d4 Nfd7 7. O-O O-O 8. c4
e4 9. Nfd2 f5 10. Qc2 Nf6 11. f3 exf3 12. Bxf3 Qe7 13. Re1 Re8 14. Nc3 Nc6 15.
Rad1 g5 16. Bxc6 bxc6 17. Qd3 h5 18. b4 g4 19. Re2 Ne4 20. Ndxe4 fxe4 21. Qc2
Bf5 22. d5 g3 23. Rf1 Bg4 24. Ree1 gxh2+ 25. Kh1 Rf8 26. Rf4 Be5 27. Qxe4 Qg7
28. Qc2 Bxf4 29. exf4 Bf5 30. Qd2 Qg6 31. dxc6 Rfe8 32. Nd5 Kf7 33. Rxe8 Rxe8
34. Nxc7 Re7 35. Nd5 Re4 36. c7 Rxc4 37. Ne3 Rxc7 38. Kxh2 Be4 39. a4 h4 40.
Bd4 Qg3+ 41. Kg1 Qxf4 42. b5 Rc2 43. Qe1 Ra2 44. a5 Bxg2 45. Bxa7 Bh3 46. Nf1
Qg4+ 47. Ng3 Qf3 0-1

[Event "NAYCC U16"]
[Site "Windsor CAN"]
[Date "2016.08.09"]
[Round "4.35"]
[White "Yu, Wenlu"]
[Black "Maulucci, Anthony"]
[Result "1/2-1/2"]
[WhiteElo "1993"]
[BlackElo "1786"]
[PlyCount "74"]
[EventDate "2016.08.07"]
[EventType "swiss"]
[EventRounds "9"]
[EventCountry "CAN"]

1. Nf3 Nf6 2. g3 d5 3. Bg2 Bf5 4. O-O c6 5. d3 e6 6. Nbd2 h6 7. Re1 Be7 8. b3
O-O 9. Bb2 Nbd7 10. a3 a5 11. e4 dxe4 12. dxe4 Bh7 13. e5 Nd5 14. Nd4 Qc7 15.
Qe2 Rfd8 16. h4 Bf8 17. Be4 Bxe4 18. Qxe4 Nc5 19. Qg4 b5 20. h5 Rab8 21. N2f3
Re8 22. Bc1 Kh8 23. Nh2 Nd7 24. Qe2 Qb6 25. Bb2 c5 26. Ndf3 Rec8 27. Ng4 c4 28.
Rad1 cxb3 29. cxb3 Rb7 30. Nd4 Nc3 31. Bxc3 Rxc3 32. Nxb5 Qxb5 33. Qxb5 Rxb5
34. Rxd7 Rcxb3 35. Rxf7 Bxa3 36. Ra7 Bc5 37. Ra8+ Rb8 1/2-1/2

[Event "NAYCC U16"]
[Site "Windsor CAN"]
[Date "2016.08.09"]
[Round "4.36"]
[White "Miyasaka, Matthew"]
[Black "Nguyen, Tan"]
[Result "1-0"]
[WhiteElo "1971"]
[BlackElo "1972"]
[PlyCount "85"]
[EventDate "2016.08.07"]
[EventType "swiss"]
[EventRounds "9"]
[EventCountry "CAN"]

1. e4 g6 2. d4 Bg7 3. Nc3 d6 4. Be3 a6 5. Qd2 b5 6. Bd3 Nd7 7. f4 Bb7 8. a4 b4
9. Nce2 Ngf6 10. Ng3 Ng4 11. N1e2 Nxe3 12. Qxe3 c5 13. c3 cxd4 14. cxd4 Qb6 15.
a5 Qa7 16. Ra4 Bc6 17. Rxb4 Qc7 18. Qd2 O-O 19. Rc4 Qb7 20. O-O Nf6 21. Rfc1
Rac8 22. Rb4 Qd7 23. Rb6 Bb5 24. Rxc8 Rxc8 25. Bxb5 axb5 26. Nc3 h5 27. Qd3 Bh6
28. Nge2 Qg4 29. Qh3 Qxh3 30. gxh3 Nd7 31. Rxb5 e5 32. Rb7 exd4 33. Nd5 Rd8 34.
Rxd7 Rxd7 35. Nf6+ Kf8 36. Nxd7+ Ke8 37. a6 d3 38. a7 dxe2 39. Nf6+ Ke7 40.
Nd5+ Kd7 41. Kf2 Bg7 42. a8=Q Bd4+ 43. Kxe2 1-0

[Event "NAYCC U16"]
[Site "Windsor CAN"]
[Date "2016.08.09"]
[Round "4.37"]
[White "Kobla, Vishal"]
[Black "Ramasamy, Vikram"]
[Result "1-0"]
[WhiteElo "1941"]
[BlackElo "2046"]
[PlyCount "71"]
[EventDate "2016.08.07"]
[EventType "swiss"]
[EventRounds "9"]
[EventCountry "CAN"]

1. e4 c5 2. Nf3 a6 3. d3 b5 4. g3 Bb7 5. Bg2 e6 6. Qe2 Be7 7. O-O Nc6 8. Re1
Nf6 9. Nbd2 O-O 10. Nf1 Re8 11. h4 Qb6 12. N1h2 d5 13. e5 Nd7 14. Bh3 c4 15. h5
Qd8 16. d4 Nf8 17. h6 g6 18. c3 b4 19. Ng4 Nd7 20. Bf4 Rc8 21. Qd2 a5 22. Bg5
Bxg5 23. Nxg5 Ne7 24. cxb4 axb4 25. Qxb4 Ba8 26. Qd6 Nf5 27. Qxd7 Qxg5 28. Nf6+
Kh8 29. Bxf5 Rf8 30. Bg4 Qxh6 31. Kg2 Bc6 32. Qe7 Qg7 33. Rh1 h6 34. Rh2 Rb8
35. Rah1 h5 36. Rxh5+ 1-0

[Event "NAYCC U16"]
[Site "Windsor CAN"]
[Date "2016.08.09"]
[Round "4.39"]
[White "Saha, Ananda"]
[Black "Asaria, Danial"]
[Result "0-1"]
[WhiteElo "1920"]
[BlackElo "2038"]
[PlyCount "84"]
[EventDate "2016.08.07"]
[EventType "swiss"]
[EventRounds "9"]
[EventCountry "CAN"]

1. d4 Nf6 2. c4 c5 3. d5 e6 4. Nc3 exd5 5. cxd5 d6 6. Nf3 g6 7. Qa4+ Nbd7 8.
Bf4 a6 9. e4 Rb8 10. Qc2 b5 11. Bd3 Qc7 12. O-O Bg7 13. h3 O-O 14. Rfe1 Re8 15.
Rac1 Nh5 16. Bh2 Bh6 17. Rcd1 Nf4 18. Ne2 Nxd3 19. Qxd3 Bg7 20. Qc2 Qb6 21. a4
b4 22. Nd2 Ne5 23. Bxe5 Bxe5 24. Nc4 b3 25. Qd3 Qd8 26. Nxe5 Rxe5 27. Nc3 Qh4
28. Rf1 g5 29. Qe3 g4 30. hxg4 Bxg4 31. f3 Bd7 32. Qf2 Qh6 33. Qd2 Qg7 34. f4
Rh5 35. f5 Kh8 36. Qf4 Rg8 37. Rf2 Qf6 38. Re1 Rgg5 39. e5 Qh6 40. Kf1 Bxf5 41.
Re3 Rh4 42. Qf3 Rh1+ 0-1

[Event "NAYCC U16"]
[Site "Windsor CAN"]
[Date "2016.08.09"]
[Round "4.40"]
[White "Zhang, Jeff"]
[Black "Zhong, Joey"]
[Result "0-1"]
[WhiteElo "1907"]
[BlackElo "2024"]
[PlyCount "60"]
[EventDate "2016.08.07"]
[EventType "swiss"]
[EventRounds "9"]
[EventCountry "CAN"]

1. e4 e5 2. Nf3 Nc6 3. Bc4 Nf6 4. Ng5 d5 5. exd5 Na5 6. Bb5+ c6 7. dxc6 bxc6 8.
Qf3 Be7 9. Nc3 O-O 10. Bd3 h6 11. Nge4 Nd5 12. Ng3 Nb4 13. b3 Nxd3+ 14. Qxd3
Qxd3 15. cxd3 Nb7 16. O-O Rd8 17. Re1 f6 18. Nce4 Rxd3 19. Re3 Rd8 20. Ne2 a5
21. Bb2 f5 22. N4c3 Rxd2 23. Bc1 Rd8 24. Rxe5 Bf6 25. Re3 f4 26. Re4 g5 27. Ba3
Bf5 28. Ra4 Rd2 29. Rd1 Rxd1+ 30. Nxd1 Re8 0-1

[Event "NAYCC U16"]
[Site "Windsor CAN"]
[Date "2016.08.09"]
[Round "4.41"]
[White "Pan, Christopher"]
[Black "Handigol, Abhishek"]
[Result "1/2-1/2"]
[WhiteElo "1975"]
[BlackElo "1905"]
[PlyCount "73"]
[EventDate "2016.08.07"]
[EventType "swiss"]
[EventRounds "9"]
[EventCountry "CAN"]

1. e4 e5 2. Nf3 Nc6 3. Bb5 a6 4. Ba4 Nf6 5. O-O b5 6. Bb3 Bc5 7. a4 Rb8 8. c3
d6 9. d4 Bb6 10. axb5 axb5 11. Na3 O-O 12. Nxb5 Bg4 13. Bc2 exd4 14. Nbxd4 Nxd4
15. cxd4 Bxf3 16. gxf3 Nh5 17. Be3 Qf6 18. f4 Nxf4 19. Qf3 Nd5 20. Qxf6 Nxf6
21. f3 Rfe8 22. Kf2 c5 23. dxc5 Bxc5 24. Rab1 Rb4 25. Rfd1 Rc8 26. Rd2 Kf8 27.
Bd1 Ke7 28. Be2 g5 29. h3 h5 30. Ra1 Bxe3+ 31. Kxe3 Rcb8 32. Ra7+ Nd7 33. e5
R8b6 34. Bd3 Rb3 35. Ke2 Kd8 36. Ra8+ Ke7 37. Ra7 1/2-1/2